| 000 | 00765nam a2200241 4500 | ||
|---|---|---|---|
| 001 | vtls000230460 | ||
| 003 | MY-SjTCS | ||
| 005 | 20200226120510.0 | ||
| 008 | 110218 1986 00 eng | ||
| 020 | _a0582746205 | ||
| 039 | 9 |
_a201904251029 _bdianafitri _c201102181424 _dVLOAD _y200407271815 _zVLOAD |
|
| 082 | 0 | 4 |
_a428.507 _bBYR |
| 100 | 1 |
_aByrne, Donn, _d1929- _912343 |
|
| 245 | 1 | 0 |
_aTeaching oral English / _cDonn Byrne |
| 250 | _aNew ed. | ||
| 260 |
_aEssex, England : _bLongman Group, _c1986 |
||
| 300 |
_aiv, 140 p. ; _c24 cm. |
||
| 440 | 0 |
_aLongman handbooks for language teachers _981256 |
|
| 650 | 0 |
_aEnglish language _xStudy and teaching. _91497 |
|
| 650 | 0 |
_aEnglish language _xSpoken English. _92429 |
|
| 920 | _aCPU | ||
| 921 | _aTCHT : 620230 | ||
| 999 | _c165492 | ||